Zahraničnoobchodné vzťahy Slovenska s krajinami západného Balkánu diplomová práca

Salvato in:
Dettagli Bibliografici
Autore principale: Šulla, Daniel Richard
Ente Autore: Obchodná fakulta EU. Katedra medzinárodného obchodu
Altri autori: Pásztorová, Janka, 1960-
Natura: Libro
Lingua:slovacco
Pubblicazione: Bratislava 2021
Tags: Aggiungi Tag
Nessun Tag, puoi essere il primo ad aggiungerne!!

MARC

LEADER 00000nbm a2200000 4500
001 0274439
005 20220210095034.5
041 0 |a slo 
044 |a SK 
245 1 0 |a Zahraničnoobchodné vzťahy Slovenska s krajinami západného Balkánu  |b diplomová práca  |c Daniel Richard Šulla ; školiteľ: Janka Pásztorová 
264 1 |a Bratislava  |c 2021 
300 |a 92 s. 
100 1 |a Šulla, Daniel Richard 
700 1 |a Pásztorová, Janka, 1960- 
710 2 |a Obchodná fakulta EU. Katedra medzinárodného obchodu